| 000 | 00826pam a2200277 i 4500 | ||
|---|---|---|---|
| 001 | 4598766 | ||
| 003 | OSt | ||
| 005 | 20140310182047.0 | ||
| 008 | 761209s1977 nyu b 001 0 eng | ||
| 010 | _a 76030592 | ||
| 020 |
_a0812006380 : _c$2.95 |
||
| 040 |
_aDLC _cDLC _dDLC |
||
| 050 | 0 | 0 |
_aJC 423 _b.Sch38 1977 |
| 082 | 0 | 0 |
_aHS 321.8 _bSc83 1977 |
| 100 | 1 |
_aSchulz, Ernst B. _q(Ernst Bernhard), _d1896-1985. _911782 |
|
| 245 | 1 | 0 |
_aDemocracy / _cErnst B. Schulz. |
| 250 | _a2d ed. | ||
| 260 |
_aWoodbury, N.Y. : _bBarron's Educational Series, inc., _cc1977. |
||
| 300 |
_a328 p. : _c19 cm. |
||
| 490 | 0 | _aBarron's essentials ; the efficient study guides | |
| 500 | _aIncludes index. | ||
| 650 | 0 |
_aDemocracy. _911510 |
|
| 906 |
_a7 _bcbc _corignew _d1 _eocip _f19 _gy-gencatlg |
||
| 942 |
_2lcc _cHS |
||
| 999 |
_c8908 _d8908 |
||